000 00732nam a2200253Ia 4500
003 OSt
005 20221006153754.0
006 a|||||r|||| 00| 0
007 ta
008 221006b |||||||| |||| 00| 0 eng d
020 _a0300106041
024 _a33,306
037 _cAnnuals, Advances
040 _aEASL
_cEASL
_beng
041 _2eng
_aeng
082 _aM95.42, P4
100 _aRUBINFIEN Leo Au.
_9665386
245 0 _aShomei Tomatsu
_bSkin of the Nation
260 _aNew Havan
_b Yale University press
_c2004
300 _a224P.
_ccm.
700 _a PHILIPS Sandra S. Au.
_9665387
942 _hM95.42, P4
_cREF
_2CC
999 _c1101392
_d1101392